01188naa a2200229 a 450000100080000000500110000800800410001910000150006024501360007526000090021150000350022052004290025565000250068465000240070965000270073365000270076065300240078765300170081165300270082870000160085577300870087110030592020-01-17 2003 bl uuuu u00u1 u #d1 aTERNES, S. aAvaliação do sistema inseto praga-parasito nativo-parasito exótico por meio da dinâmica de populações.h[electronic resource] c2003 aSeleta do XXV CNMAC - Parte 1. aNeste trabalho desenvolve-se um modelo matemático compartimental e determinístico para analisar a dinâmica populacional da interação do inseto-praga Phyllocnistis citrella com seus inimigos naturais Galeopsomyia fausta e Ageniaspis citricola. Através do estudo analítico do sistema de equações, avalia-se a possibilidade de coexistência entre as espécies e a competição indireta entre os dois inimigos naturais. aAgeniaspis citricola aMathematical models aDinâmica populacional aPhyllocnistis citrella aGaleopsomyia fausta aInseto-praga aModelo determinístico1 aYANG, H. M. tTendências em Matemática Aplicada e Computacionalgv. 4, n. 1, p. 139-148, 2003.